| 000 | 00620nac a22001931u 4500 | ||
|---|---|---|---|
| 010 | _a 89001210 | ||
| 020 | _a0816015945 (alk. paper) | ||
| 082 | 0 | 0 |
_a098.130321 _bGRE |
| 090 |
_c6180 _d6180 |
||
| 100 | _aGreen, Jonathon, | ||
| 245 | 1 | 4 |
_aThe encyclopedia of censorship / _cJonathon Green. |
| 260 |
_aNew York, N.Y. : _bFacts on File,c1990. _cc1990. |
||
| 300 |
_ax, 388 p. ; _c29 cm. |
||
| 500 | _aDistributer: AL-Ahram. | ||
| 504 | _aBibliography: p. 368-371. | ||
| 511 | _aCatalogued By: Mahitab. | ||
| 650 | 0 |
_aCensorship _vDictionaries. |
|
| 942 |
_cNB _k098.130321GRE |
||
| 999 |
_c6180 _d6180 |
||